The incredible payback innovative sourcing solutions that deliver extraordinary results /

Bibliographic Details
Main Author: Nelson, Dave, 1937-
Corporate Author: ProQuest (Firm)
Other Authors: Moody, Patricia E., Stegner, Jonathan, 1954-
Format: Electronic eBook
Language:English
Published: New York : AMACOM, c2005.
Subjects:
Online Access:Click to View
LEADER 01692nam a22003734a 4500
001 EBC3001804
003 MiAaPQ
005 20200520144314.0
006 m o d |
007 cr cn|||||||||
008 040316s2005 nyua sb 001 0 eng
010 |z  2004006192 
020 |z 0814472079 (hardcover) 
035 |a (MiAaPQ)EBC3001804 
035 |a (Au-PeEL)EBL3001804 
035 |a (CaPaEBR)ebr10075609 
035 |a (OCoLC)929146601 
040 |a MiAaPQ  |c MiAaPQ  |d MiAaPQ 
050 4 |a HD39.5  |b .N455 2005 
082 0 4 |a 658.7/2  |2 22 
100 1 |a Nelson, Dave,  |d 1937- 
245 1 4 |a The incredible payback  |h [electronic resource] :  |b innovative sourcing solutions that deliver extraordinary results /  |c Dave Nelson, Patricia E. Moody, Jonathan R. Stegner. 
260 |a New York :  |b AMACOM,  |c c2005. 
300 |a xiii, 270 p. :  |b ill. 
504 |a Includes bibliographical references and index. 
505 0 |a The incredible payback -- Ten common mistakes -- How to build a fair advantage and capture the incredible payback -- Working with suppliers -- Developing incredible payback people, organizations, and systems -- Metrics for the incredible payback -- Incredible payback conclusions -- An epilogue from Dave Nelson. 
533 |a Electronic reproduction. Ann Arbor, MI : ProQuest, 2015. Available via World Wide Web. Access may be limited to ProQuest affiliated libraries. 
650 0 |a Industrial procurement. 
650 0 |a Purchasing. 
655 4 |a Electronic books. 
700 1 |a Moody, Patricia E. 
700 1 |a Stegner, Jonathan,  |d 1954- 
710 2 |a ProQuest (Firm) 
856 4 0 |u https://ebookcentral.proquest.com/lib/matrademy/detail.action?docID=3001804  |z Click to View